00493nam a22001577a 4500003000900000005001700009008004100026040002300067082001500090100002200105245005700127260004100184300002200225504005200247651003600299BDDh-ASL20231015025800.0201128s1961 nju||||| |||| 00| 0 eng d aBDDh-ASLcBDDh-ASL a940.5bHUC1 aHughes, H. Stuart10aContemporary Europe : bA History, fourth edition /  aNew Jersey:bPrentice-Hall, c1961.  a622 p. :c24 cm.  aIncludes bibliographical references and index.  0aEuropexHistory y20th Century